00295nam a22000977a 4500008004100000082001500041100002000056245004000076260007200116300000900188230606b xxu||||| |||| 00| 0 eng d a340.1bMIH cPascal B. Mihyo aThe Development of Legal Philosophy aNairobi,Kmpala ,Dar es SalaambEast African Literature Bureauc1977 a187p